000 00358nam a2200157Ia 4500
008 210210b1909 xxu||||| |||| 00| 0 eng d
041 _aeng
082 _a822/79
100 _aBARRIE (J M)
245 _aGeorge meredith
260 _aLondon
_bNot Mentioned
_c1909
650 _ameredith
650 _aGeorge
690 _aEnglish Prose
906 _a012266
999 _c131052
_d131052